000 00816nam a22001815i 4500
001 170931
003 ES-MaACL
005 20230906214512.0
008 090417s1898 sp |||| | spa d
080 _a913(569.4)"18"
100 1 _aFerreiroa, Urbano.
_950401
245 1 3 _aLa Tierra Santa
_b: su descripción y su portentosa historia : comprenderá los hechos mas culminantes de la historia de Palestina hasta nuestros tiempos y el estado actual de los Santos Lugares /
_cobra publicada bajo la dirección ... Urbano Ferreiroa.
260 _aValencia :
_b[L. Badía],
_c1898 (
_fEst. tip. Domenech)
300 _aXXXIV, 252 p., [13] h. de lám. :
_bil. ;
_c29 cm.
500 _aFrontispicio en color.
651 4 _aPalestina-
_xDescripción.
_99196
852 _aES-MaACL
_jG-5407
_9R.144696
_z.- Enc. tela grabada
999 _c170931
_d170931